000 01234cam a22002651 4500
001 s 47000001
003 DLC
005 20260227111912.0
008 770406s1947 dcu b f001 0 eng c
010 _as 47000001
035 _a(OCoLC)2866272
040 _aSmithsonian Institution. Library
_cScCC
_dOCoLC
_dDLC
042 _apremarc
050 0 0 _aQK1
_b.U5 vol. 30, pt. 1
082 _a016.58199
100 1 _aMerrill, Elmer Drew,
_d1876-1956.
245 1 2 _aA botanical bibliography of the islands of the Pacific.
_bA subject index to Elmer D. Merrill's "A botanical bibliography of the islands of the Pacific"
_cby E.H. Walker.
260 _aWashington,
_bU.S. Govt. Print. Off.,
_c1947.
300 _av, 404 p.
_c25 cm.
490 1 _aSmithsonian Institution. United States National Museum. Contributions from the United States National Herbarium,
_vv. 30, pt. 1
500 _a"The first [paper] ... is a revision of two papers published in 1924 and 1937 by the Bernice P. Bishop Museum, with the addition of numerous titles."
650 0 _aBotany
_zOceania
_vBibliography.
700 1 _aWalker, Egbert H.
_q(Egbert Hamilton),
_d1899-1991.
830 0 _aContributions from the United States National Herbarium ;
_vv. 30, pt. 1.
999 _c52782
_d52782